[Event "ACCENTUS Biel GMT 2018"]
[Site "Biel"]
[Date "2018.08.01"]
[Round "10"]
[White "Vachier-Lagrave, Maxime"]
[Black "Navara, David"]
[Result "1-0"]
[WhiteElo "2779"]
[BlackElo "2741"]
[Annotator "TA"]
[PlyCount "77"]
[EventDate "2018.07.22"]
[EventCountry "SUI"]
[SourceTitle "playchess.com"]
[Source "ChessBase"]
[SourceQuality "1"]

{[%evp 17,77,13,30,36,23,24,37,34,44,36,25,23,39,16,115,114,110,110,110,112,102,121,712,730,718,708,682,718,717,670,589,383,370,350,437,393,401,418,404,382,5943,5943,5904,5286,5198,5904,5110,5094,6816,6043,6515,395,7427,6426,29988,0,29989,29990,29990,29991,29991,29992]} 1. e4 e5 2. Nf3 Nc6 3. Bc4 Bc5 4. O-O Nf6 5. d3 O-O 6. Re1 d6 7. c3 h6 {C54: Giuoco Piano: 4 c3 Nf6, main lines with 5 d4 and 5 d3} 8. Nbd2 {[%cal Bb1d2,Bd2f1,Bf1g3,Bg3f5][%mdl 32]} a5 9. Nf1 Ne7 {LiveBook: 3 Games. The position is equal.} (9... Bb6 10. Be3 Bxe3 11. Nxe3 Be6 12. Bb5 Ne7 13. Ba4 Ng6 14. Bc2 Re8 15. d4 {1-0 (54) Vachier Lagrave,M (2789)-Caruana,F (2816) Paris 2018}) 10. Bb3 Ng6 11. d4 $146 ({Predecessor:} 11. Ng3 a4 12. Bxa4 Bg4 13. d4 exd4 14. cxd4 Bb4 15. Re3 {1-0 (33) Sethuraman,S (2631)-Naiditsch,A (2701) Sharjah 2018}) 11... Ba7 12. h3 Bd7 13. Ng3 a4 14. Bc2 Nh7 15. Nf5 Ng5 (15... Bb6 $11 {keeps the balance.}) 16. Nxg5 $1 $16 hxg5 17. Qh5 Nf4 18. Bxf4 $1 exf4 19. h4 $40 {[%cal Bh3h4,Bh4g5][%mdl 160] White wants a kill.} g6 $2 {[%mdl 8192]} (19... gxh4 $16 20. Nxh4 Qf6) 20. Qh6 $1 $18 {[%csl Gf5][%cal Rh6g7]} gxf5 21. exf5 {Threatening mate with f6.} f6 22. Qg6+ Kh8 23. hxg5 Bc6 {intending ...Qd7.} 24. Rad1 {[%cal Ba1d1,Bd1d3,Bd3h3,Bh3h7][%mdl 32]} Qd7 25. Rd3 $1 {[%cal Rd3h3]} Qg7 26. Rh3+ Kg8 {[#]} 27. Re7 $1 {[%csl Gg6][%cal Re7g7]} Qxg6 28. fxg6 {White threatens Rhh7 and mate.} f5 $2 (28... Rfe8) 29. Rhh7 {[%csl Gh7][%cal Re7g7]} Rfe8 30. Reg7+ Kf8 31. Rxc7 {[%cal Rh7h8]} Kg8 32. Bxf5 {White wants to mate with g7.} Bb6 33. Rcg7+ Kf8 34. Rf7+ Kg8 {[#]} 35. d5 $1 {[%mdl 512]} Bxd5 36. Rfg7+ Kf8 {[#]} 37. Rd7 $1 {White mates.} Kg8 38. g7 {[%csl Gg7][%cal Rh7h8]} Bf7 39. g6 {Precision: White = 85%, Black = 40%.} 1-0

[Event "ACCENTUS Biel GMT 2018"]
[Site "Biel"]
[Date "2018.08.01"]
[Round "10"]
[White "Svidler, Peter"]
[Black "Mamedyarov, Shakhriyar"]
[Result "1/2-1/2"]
[WhiteElo "2753"]
[BlackElo "2801"]
[Annotator "TA"]
[PlyCount "76"]
[EventDate "2018.07.22"]
[EventCountry "SUI"]
[SourceTitle "playchess.com"]
[Source "ChessBase"]
[SourceQuality "1"]

{[%evp 13,76,21,17,0,0,-4,0,0,0,0,0,-2,0,0,0,0,0,0,0,0,0,0,0,0,0,0,8,16,17,14,21,0,0,0,0,0,0,0,0,0,0,0,0,0,0,0,0,0,0,0,0,0,0,0,0,0,0,0,0,0,0,0,0,0,0]} 1. c4 Nf6 2. Nc3 e6 3. e4 d5 4. e5 d4 5. exf6 dxc3 6. bxc3 Qxf6 7. Nf3 b6 {LiveBook: 68 Games. The position is equal. A18: English Opening: Flohr-Mikenas System (1 c4 Nf6 2 Nc3 e6 3 e4)} (7... e5 8. d4 Nc6 9. Bg5 Qg6 10. d5 Nb8 11. h4 h6 12. h5 Qa6 13. Be3 Nd7 14. Bd3 Ba3 15. O-O Qd6 16. Nh4 O-O 17. Nf5 Qf6 18. Ng3 Qh4 19. Nf5 Qf6 20. Ng3 Qh4 {½-½ (20) Anand,V (2782)-Karjakin,S (2760) London 2017}) 8. Bd3 Bb7 $1 9. Bc2 $146 ({Predecessor:} 9. O-O Nd7 10. Qe2 Bd6 11. Be4 Bxe4 12. Qxe4 O-O 13. d4 h6 14. Re1 Rfe8 15. a4 {½-½ (43) Heinz,T (2279)-Grandelius,N (2515) Pardubice 2009}) 9... Bxf3 10. Qxf3 Qxf3 11. gxf3 Nd7 12. d4 c5 13. O-O cxd4 14. cxd4 Rc8 15. Bd3 Bd6 16. Rb1 O-O 17. f4 Rfd8 18. Be3 g6 19. Rfd1 Be7 20. a4 Nb8 21. Be2 Rc7 22. c5 bxc5 23. dxc5 {[#] And now Rxd8+ would win.} Rxd1+ 24. Bxd1 Na6 25. c6 Rxc6 26. Bxa7 Bc5 27. Bxc5 Rxc5 $11 {[%mdl 4096] Endgame KRB-KRN} 28. Be2 Ra5 29. Bxa6 Rxa6 {KR-KR} 30. Rb4 Rc6 31. Kg2 Rc3 32. a5 Ra3 33. Rb5 Kg7 34. Rc5 Kg8 35. Rc8+ Kg7 36. Rc5 Kg8 37. Rc8+ Kg7 38. Rc5 Kg8 {Precision: White = 87%, Black = 82%.} 1/2-1/2